| 000 | 01978nam a2200397 a 4500 | ||
|---|---|---|---|
| 999 |
_c147808 _d147808 |
||
| 003 | BLK | ||
| 005 | 20250801090814.0 | ||
| 008 | 180410b bul|||||r ||||||| ||bul|| | ||
| 010 | _aKNG00154026000 | ||
| 020 | _a978-619-164-085-0 | ||
| 040 | _aBLK | ||
| 041 |
_aBUL _cBUL |
||
| 080 |
_aШпионаж. Политическо влияние чрез тайни (разузнавателни) служби _b327.84 _x(569.4) _z327.84(569.4) |
||
| 080 |
_aРазузнавателна служба. Тайна служба. Шпионаж. Разузнавателна информация. Вж и 327.84 ; 344.1 _b355.40 _x(569.4) _z355.40(569.4) |
||
| 100 | 1 |
_aБар-Зоар, Михаел _eпърви автор _936457 |
|
| 139 |
_aБар-Зоар, Михаел и др. _bБ 26 |
||
| 245 | 1 | 0 |
_aМосад _bНай-великите мисии на израелските тайни служби _cМихаел Бар-Зоар, Насим Мишал ; прев. от англ. Сашка Тодорова Георгиева. |
| 257 | _aJUD | ||
| 260 |
_aСофия _bEnthusiast _c2013 _fБонин |
||
| 300 |
_a296 с., 8 л. _bсн. _c24 см |
||
| 380 | _a3 | ||
| 500 | _aЗагл. на англ. ез. Mossad : The Greatest Missions of the Israeli Secret Service / Michael Bar-Zophar and Nissim Mishal. - Именен показалец. | ||
| 650 | 4 |
_aРазузнаване - Израел _9270119 |
|
| 650 | 4 |
_aШпионаж и диверсия - Израел _9270118 |
|
| 651 | 4 |
_aИзраел _9178932 |
|
| 653 | _aМосад | ||
| 653 | _aразузнаване | ||
| 653 | _aшпионаж | ||
| 653 | _aтайни служби | ||
| 700 | 1 |
_aМишал, Насим _eсъавт. _998256 |
|
| 700 | 1 |
_aГеоргиева, Сашка Тодорова _eпрев. от англ. _9365307 |
|
| 852 |
_aЦб 312061 _bЦб |
||
| 942 |
_cKNG _n0 _011 _s1 |
||
| 944 |
_aCR _c29.11.2013 _lМартин Енчев _k30575 |
||
| 944 |
_aED _c2022-04-04 _kГГГ |
||